The societies registration act of 1860 : memorandum of the society and rules and regulations of Bangladesh rural advancement committee.

Detalles Bibliográficos
Formato: Libro
Idioma:English
Publicado: Dhaka : Bangladesh Rural Advancement Committee, 1972.
Subjects:
Classic Catalogue: View this record in Classic Catalogue
LEADER 01134nam a22002177a 4500
001 29590
003 BD-DhAAL
005 20260120112429.0
008 150810s bg ||||| |||| 00| 0 eng d
040 |a BD-DhAAL  |c BD-DhAAL 
082 |a 305.42095492  |2 22 
245 |a The societies registration act of 1860 :   |b memorandum of the society and rules and regulations of Bangladesh rural advancement committee. 
260 |a Dhaka :  |b Bangladesh Rural Advancement Committee,  |c 1972. 
300 |a 11 pages :  |b 34 cm. 
541 |a Complimentary copy from BRAC  |e 29590 
650 |a BRAC (Bangladesh Rural Advancement Committee).  |9 7235 
852 |a Ayesha Abed Library  |c General Stacks 
942 |2 ddc  |c BK 
999 |c 35188  |d 35188 
952 |0 0  |1 0  |2 ddc  |4 0  |6 305_420954920000000_SOC  |7 1  |8 RPT  |9 55166  |a BRACUL  |b BRACUL  |c BRS  |d 2015-08-10  |e Complimentary copy from BRAC  |l 1  |m 2  |o 305.42095492 SOC  |p 3010029590  |r 2025-12-30  |s 2025-03-23  |t 1  |w 2015-08-10  |y BK  |x BRAC ; price not available in register 
952 |0 0  |1 0  |2 ddc  |4 0  |6 305_420954920000000_SOC  |7 1  |8 RPT  |9 55167  |a BRACUL  |b BRACUL  |c BRS  |d 2015-08-10  |l 1  |m 1  |o 305.42095492 SOC  |p 3010029591  |r 2025-12-30  |s 2025-03-23  |t 2  |w 2015-08-10  |y BK